Statistiques concernant Disney .Lettre T

Cliquez ici pour prendre le quiz!

Statistiques générales

  • Ce quiz a été pris 215 fois
  • Le résultat moyen est 13 sur 20

Statistiques - réponses

QuestionRéponse% Correct
Rajah et Shere Khan en sontTigres
94%
Nain qui rougit très facilementTimide
93%
Objet de locomotion d'AladdinTapis volant
92%
Deux ecureuil inséparableTic et Tac
91%
Planète ou officie Wall ETerre
86%
Roi de la mer et père d'ArielTriton
84%
Prénom de la princesse changée en grenouilleTiana
82%
Personnage présent dans le cerveau de RileTristesse
82%
1er long métrage PixarToy Story
74%
Dans Peter Pan on trouve Lily la ...Tigresse
71%
Personnage à la poursuite du chaudron magiqueTaram
70%
Madame Samovar à été transformé enThéière
65%
Hank, l'ami de Dory, en a une en moinsTentacule
59%
État des USA où se situe l'action de 1001 pattesTexas
54%
Toby, Crush et Squiz sont desTortues
49%
Objet déchiré que doit recoudre MéridaTapisserie
40%
Crabe qui adore l'or et l'argent dans VaianaTamatoa
33%
Eléphant hypocondriaque ami de TarzanTantor
33%
Espèce animal représenté par Tuk Tuk , le compagnon de RayaTatou
23%
Ralph se rend dans ce bar après son travail : Chez ....Tapper
9%

Distribution des résultats

Percentile par nombre de réponses

% des personnes avec chaque résultat

Votre développement - résultats

Vous n’avez pas pris ce quiz